| 000 | 00508nam a2200157Ia 4500 | ||
|---|---|---|---|
| 008 | 210324s9999||||xx |||||||||||||| ||und|| | ||
| 040 | _cSTCPL | ||
| 041 | _hENG | ||
| 082 |
_a235.2 _bTHU-B |
||
| 100 | _aThurston Herbert | ||
| 245 | 0 | _aButler's lives of the saints | |
| 260 |
_aMadras _bBurns And Oates _c1956 |
||
| 300 | _a692,23CM. | ||
| 650 | _aSpiritual BeingsSaintsINTRODUCTORY, ORDER, SIN, THE CHAIN OF BEING, THELINKS IN THE CHAIN, THE CORRESPONDING PLANES, THE COSMIC DANCE, EPILOGUE | ||
| 942 | _cBK | ||
| 999 |
_c10732 _d10732 |
||